Countries with P - Statistics

General Stats
  • This quiz has been taken 118 times
  • The average score is 17 of 23
Answer Stats
Answer % Correct
Panama
95%
Poland
95%
Portugal
93%
Peru
91%
Palau
88%
Paraguay
88%
Pakistan
86%
Philippines
82%
Papua New Guinea
81%
Democratic Republic of the Congo
76%
Spain
74%
Republic of the Congo
71%
Japan
66%
Dominican Republic
65%
Czech Republic
64%
Nepal
64%
Cape Verde
63%
Central African Republic
63%
Ethiopia
63%
Singapore
61%
Egypt
60%
Sao Tome and Principe
56%
Cyprus
53%
No matching quizzes found
Score Distribution
Percent of People with Each Score
Percentile by Number Answered
Your Score History
You have not taken this quiz